NCAA Division I Ice Hockey Teams - Statistics

General Stats
  • This quiz has been taken 19,609 times
    9,024 since last reset
  • The average score is 29 of 64
Answer Stats
Conference School % Correct
Big Ten Michigan
94%
Big Ten Minnesota
89%
Big Ten Michigan State
86%
Big Ten Ohio State
85%
Hockey East Boston College
82%
Big Ten Penn State
82%
Big Ten Wisconsin
82%
ECAC Harvard
80%
ECAC Yale
75%
Hockey East Maine
74%
Big Ten Notre Dame
73%
Hockey East Massachusetts
72%
Hockey East Connecticut
70%
NCHC North Dakota
69%
Hockey East Boston University
68%
Hockey East Vermont
68%
Hockey East New Hampshire
66%
ECAC Brown
65%
ECAC Princeton
65%
ECAC Cornell
61%
ECAC Dartmouth
61%
NCHC Colorado College
60%
NCHC Denver
58%
Hockey East Providence
50%
NCHC Western Michigan
48%
Atlantic Hockey Army
47%
CCHA Minnesota State
47%
NCHC Arizona State
46%
NCHC Minnesota - Duluth
44%
Atlantic Hockey Air Force
43%
Independent Alaska
43%
NCHC Miami of Ohio
43%
ECAC Quinnipiac
42%
Hockey East Northeastern
41%
Hockey East Massachusetts - Lowell
37%
Atlantic Hockey Rochester Institute of Technology
35%
NCHC St. Cloud State
35%
CCHA Michigan Tech
33%
ECAC Colgate
32%
CCHA Bowling Green
31%
CCHA Northern Michigan
30%
NCHC Nebraska - Omaha
29%
Independent Alaska - Anchorage
27%
Atlantic Hockey Holy Cross
27%
CCHA Bemidji State
26%
Independent Long Island
26%
ECAC Rensselaer Polytechnic
26%
CCHA St. Thomas
26%
Hockey East Merrimack
25%
Atlantic Hockey Niagara
25%
Atlantic Hockey Sacred Heart
24%
CCHA Lake Superior State
23%
ECAC Union
23%
Atlantic Hockey Canisius
22%
CCHA Ferris State
22%
ECAC Clarkson
21%
Atlantic Hockey Bentley
20%
Atlantic Hockey Robert Morris
20%
Independent Lindenwood University
19%
Atlantic Hockey Mercyhurst
19%
ECAC St. Lawrence
19%
Independent Stonehill College
19%
Atlantic Hockey American International
16%
CCHA Augustana
16%
No matching quizzes found
Score Distribution
Percent of People with Each Score
Percentile by Number Answered
Your Score History
You have not taken this quiz since the last reset